[Event "Mauricie op"]
[Site "Trois-Rivieres CAN"]
[Date "2026.03.21"]
[Round "2.16"]
[White "Potvin, Alain-Nicolas"]
[Black "Sun, Jonathan"]
[Result "0-1"]
[WhiteElo "1731"]
[BlackElo "1947"]
[WhiteFideId "-1"]
[BlackFideId "-1"]
[PlyCount "50"]
[GameId "2292047392159285"]
[EventDate "2026.03.20"]
[EventType "swiss"]
[EventRounds "5"]
[EventCountry "CAN"]

1. d4 Nf6 2. e3 g6 3. Bd3 Bg7 4. f4 d6 5. Nf3 Nbd7 6. O-O O-O 7. b3 Re8 8. Bb2 e5 9. dxe5 dxe5 10. Nxe5 Nxe5 11. fxe5 Ng4 12. Qe2 Nxe5 13. Nd2 Ng4 14. Bxg7 Rxe3 15. Qd1 Kxg7 16. h3 Qd4 17. Kh1 Ne5 18. Nc4 Nxc4 19. Rxf7+ Kh6 20. Bxc4 Qe4 21. Qd2 Bxh3 22. Bf1 Bf5 23. Kg1 Re8 24. Rxc7 Qe5 25. Rc4 Qxa1 0-1

[Event "Mauricie op"]
[Site "Trois-Rivieres CAN"]
[Date "2026.03.21"]
[Round "2.17"]
[White "Dufresne, Christophe"]
[Black "Liao, Minyan"]
[Result "1-0"]
[WhiteElo "1932"]
[BlackElo "1764"]
[WhiteFideId "-1"]
[BlackFideId "-1"]
[PlyCount "97"]
[GameId "2292047392159286"]
[EventDate "2026.03.20"]
[EventType "swiss"]
[EventRounds "5"]
[EventCountry "CAN"]

1. e4 e5 2. Nf3 Nf6 3. d4 Nxe4 4. Bd3 d5 5. Nxe5 Bd6 6. O-O O-O 7. c4 Bxe5 8. dxe5 Nc6 9. cxd5 Qxd5 10. Qc2 Nb4 11. Bxe4 Nxc2 12. Bxd5 Nxa1 13. Be4 g6 14. Nc3 Bf5 15. Bh6 Bxe4 16. Nxe4 Nc2 17. Nf6+ Kh8 18. Bxf8 Rxf8 19. Rc1 Rd8 20. Kf1 Rd2 21. Ne4 Rd4 22. Rxc2 Rxe4 23. Rxc7 Rxe5 24. Rxb7 Ra5 25. a3 Kg7 26. Rd7 h5 27. Ke2 Rb5 28. b4 a5 29. Rd4 Kh6 30. Kd3 Rg5 31. g3 axb4 32. axb4 Re5 33. Kc4 Re2 34. Rf4 Kg7 35. b5 g5 36. Rf3 Rb2 37. Rb3 Rxf2 38. b6 Rc2+ 39. Kb5 Rc8 40. b7 Rb8 41. Kc6 f5 42. Kc7 Rxb7+ 43. Kxb7 h4 44. Kc6 Kg6 45. Kd5 Kh5 46. Ke5 Kg4 47. gxh4 gxh4 48. Rb4+ Kh3 49. Kxf5 1-0

[Event "Mauricie op"]
[Site "Trois-Rivieres CAN"]
[Date "2026.03.21"]
[Round "2.2"]
[White "Chiku-Ratte, Olivier-Kenta"]
[Black "Iordanescu, Victor Nicolae"]
[Result "1-0"]
[WhiteElo "2427"]
[BlackElo "2070"]
[WhiteFideId "-1"]
[BlackFideId "-1"]
[PlyCount "71"]
[GameId "2292047392159287"]
[EventDate "2026.03.20"]
[EventType "swiss"]
[EventRounds "5"]
[EventCountry "CAN"]

1. d4 Nf6 2. c4 e6 3. Nc3 Bb4 4. e3 O-O 5. Bd2 d5 6. Nf3 b6 7. cxd5 exd5 8. Bd3 Bd6 9. O-O Bb7 10. Rc1 c5 11. Ne5 Nc6 12. Ng4 Be7 13. Nxf6+ Bxf6 14. Qf3 Nb4 15. Bb1 g6 16. dxc5 bxc5 17. Na4 Na6 18. Nxc5 Nxc5 19. Rxc5 Qb6 20. b4 Be7 21. Rc2 d4 22. Qf4 Rfd8 23. Rc7 Re8 24. a4 Bd5 25. a5 Qe6 26. Qxd4 Bf6 27. Qc5 Bxg2 28. Bf5 gxf5 29. Kxg2 Kh8 30. Qc6 Rg8+ 31. Kh1 Qe5 32. Rxf7 Raf8 33. Rxf6 Rxf6 34. Bc3 Rxc6 35. Bxe5+ Rg7 36. Rg1 1-0

[Event "Mauricie op"]
[Site "Trois-Rivieres CAN"]
[Date "2026.03.21"]
[Round "2.3"]
[White "Beaudry, Marc-Andre"]
[Black "Latorre, Vincent"]
[Result "0-1"]
[WhiteElo "2002"]
[BlackElo "2395"]
[WhiteFideId "-1"]
[BlackFideId "-1"]
[PlyCount "72"]
[GameId "2292047392159288"]
[EventDate "2026.03.20"]
[EventType "swiss"]
[EventRounds "5"]
[EventCountry "CAN"]

1. e4 e5 2. Nf3 Nc6 3. Bb5 a6 4. Ba4 Nf6 5. O-O Bc5 6. c3 b5 7. Bb3 d6 8. d4 Bb6 9. Be3 Bg4 10. Nbd2 O-O 11. dxe5 dxe5 12. Qe2 Qe7 13. Bxb6 cxb6 14. Bd5 Rfc8 15. Qe3 Rab8 16. a4 b4 17. c4 h6 18. Nb3 a5 19. Nfd2 Nd7 20. f3 Be6 21. Rfc1 Nc5 22. Nxc5 bxc5 23. Nb3 Nd4 24. Nxa5 b3 25. Rc3 Nc2 26. Rxc2 bxc2 27. Qc3 Rb6 28. Qxc2 Qa7 29. Nb3 Rcb8 30. Ra3 Bxd5 31. exd5 Rb4 32. Qc3 Rxa4 33. Rxa4 Qxa4 34. Nxc5 Qa1+ 35. Kf2 Rxb2+ 36. Ke3 Re2+ 0-1

[Event "Mauricie op"]
[Site "Trois-Rivieres CAN"]
[Date "2026.03.21"]
[Round "2.4"]
[White "Migot, Tangi"]
[Black "Mok, Yuen Tak"]
[Result "1-0"]
[WhiteElo "2368"]
[BlackElo "1987"]
[WhiteFideId "-1"]
[BlackFideId "-1"]
[PlyCount "37"]
[GameId "2292047392159289"]
[EventDate "2026.03.20"]
[EventType "swiss"]
[EventRounds "5"]
[EventCountry "CAN"]

1. Nf3 d5 2. c4 c6 3. d4 Nf6 4. Nc3 e6 5. Bg5 Nbd7 6. e3 Qa5 7. cxd5 Nxd5 8. Qd2 Bb4 9. Rc1 Nxc3 10. bxc3 Ba3 11. Rb1 b6 12. Qc2 O-O 13. Bf4 Ba6 14. Ng5 g6 15. Bxa6 Qxa6 16. h4 Rfe8 17. h5 f5 18. hxg6 hxg6 19. Rh6 1-0

[Event "Mauricie op"]
[Site "Trois-Rivieres CAN"]
[Date "2026.03.21"]
[Round "2.5"]
[White "Landry, Sylvain"]
[Black "Duong, Thanh Nha"]
[Result "0-1"]
[WhiteElo "1966"]
[BlackElo "2274"]
[WhiteFideId "-1"]
[BlackFideId "-1"]
[PlyCount "124"]
[GameId "2292047392159290"]
[EventDate "2026.03.20"]
[EventType "swiss"]
[EventRounds "5"]
[EventCountry "CAN"]

1. e4 e6 2. d4 d5 3. Nc3 dxe4 4. Nxe4 Nd7 5. Nf3 Ngf6 6. Nxf6+ Nxf6 7. Bd3 c5 8. O-O cxd4 9. Nxd4 Bc5 10. Nf3 O-O 11. Qe2 b6 12. Bg5 Bb7 13. Rad1 Qc7 14. Ne5 Rfd8 15. Rfe1 Bd4 16. c3 Bxe5 17. Qxe5 Qxe5 18. Rxe5 Ba6 19. Bc2 Rxd1+ 20. Bxd1 Rd8 21. Re1 h6 22. Bc1 Kf8 23. f3 Ke7 24. Kf2 Nd7 25. Be2 Bxe2 26. Kxe2 Nc5 27. Be3 Nd3 28. Rb1 f5 29. Bd4 Nf4+ 30. Kf1 g5 31. Bg7 Kf7 32. Bd4 Rd5 33. g3 Ng6 34. Ke2 e5 35. Bf2 Ke6 36. c4 Ra5 37. a3 e4 38. fxe4 Re5 39. Bd4 Rxe4+ 40. Kd3 Ne5+ 41. Bxe5 Kxe5 42. Rf1 f4 43. gxf4+ gxf4 44. Rf3 Rd4+ 45. Kc3 Rd6 46. Rd3 Rg6 47. b4 Ke4 48. Rd4+ Ke3 49. Rd3+ Ke2 50. Rd2+ Ke1 51. c5 bxc5 52. bxc5 f3 53. Rd6 f2 54. Rxg6 f1=Q 55. Re6+ Kd1 56. Rd6+ Kc1 57. Kd4 Kb2 58. Kd5 Kxa3 59. c6 Kb4 60. Rxh6 Qf5+ 61. Kd6 Qf8+ 62. Kd7 Qxh6 0-1

[Event "Mauricie op"]
[Site "Trois-Rivieres CAN"]
[Date "2026.03.21"]
[Round "2.6"]
[White "Berube, Antoine"]
[Black "Gervais, Guillaume"]
[Result "1-0"]
[WhiteElo "2266"]
[BlackElo "1493"]
[WhiteFideId "-1"]
[BlackFideId "-1"]
[PlyCount "75"]
[GameId "2292047392159291"]
[EventDate "2026.03.20"]
[EventType "swiss"]
[EventRounds "5"]
[EventCountry "CAN"]

1. d4 Nf6 2. c4 e6 3. Nf3 Bb4+ 4. Bd2 Be7 5. Nc3 d5 6. Bf4 O-O 7. e3 Bb4 8. Bd3 Bxc3+ 9. bxc3 b6 10. O-O Ba6 11. cxd5 Bxd3 12. Qxd3 exd5 13. c4 c5 14. dxc5 bxc5 15. Rfd1 Nc6 16. cxd5 Nb4 17. Qc4 Qb6 18. e4 Rad8 19. a3 Na6 20. Rab1 Qa5 21. Bd2 Qxa3 22. Ra1 Qb2 23. Rdb1 Qxb1+ 24. Rxb1 Nb4 25. Bxb4 cxb4 26. Qxb4 Nd7 27. Qa5 Rb8 28. Rxb8 Rxb8 29. g3 Kf8 30. Qxa7 Ke8 31. Kg2 h6 32. Ne5 Rd8 33. Nc6 Rc8 34. Qa3 Rxc6 35. dxc6 Nf6 36. Qd6 Nxe4 37. Qd7+ Kf8 38. Qd8# 1-0

[Event "Mauricie op"]
[Site "Trois-Rivieres CAN"]
[Date "2026.03.21"]
[Round "2.7"]
[White "Savard, Alexandre"]
[Black "Gutierrez, Renzo"]
[Result "0-1"]
[WhiteElo "1792"]
[BlackElo "2192"]
[WhiteFideId "-1"]
[BlackFideId "-1"]
[PlyCount "58"]
[GameId "2292047392159292"]
[EventDate "2026.03.20"]
[EventType "swiss"]
[EventRounds "5"]
[EventCountry "CAN"]

1. c4 e6 2. g3 Nf6 3. Bg2 d5 4. Nf3 Be7 5. O-O O-O 6. b3 c5 7. cxd5 exd5 8. d4 Nc6 9. Bb2 Bf5 10. Nc3 Rc8 11. dxc5 Bxc5 12. Rc1 b6 13. Nb5 Qe7 14. e3 Nb4 15. Bxf6 Qxf6 16. Nfd4 Bd3 17. Re1 Bg6 18. Bf1 a5 19. a3 Na6 20. Nc3 Nc7 21. Ndb5 Nxb5 22. Nxd5 Qe5 23. Bxb5 Rcd8 24. Bc4 Be4 25. f4 Qe6 26. Nc7 Rxd1 27. Nxe6 Rxc1 28. Nxc5 Rxe1+ 29. Kf2 bxc5 0-1

[Event "Mauricie op"]
[Site "Trois-Rivieres CAN"]
[Date "2026.03.21"]
[Round "2.8"]
[White "Kraiouchkine, Nikita"]
[Black "Lamontagne, Damien"]
[Result "1-0"]
[WhiteElo "2242"]
[BlackElo "1936"]
[WhiteFideId "-1"]
[BlackFideId "-1"]
[PlyCount "59"]
[GameId "2292047392159293"]
[EventDate "2026.03.20"]
[EventType "swiss"]
[EventRounds "5"]
[EventCountry "CAN"]

1. d4 Nf6 2. Nf3 e6 3. Bg5 b6 4. e3 Bb7 5. Nbd2 Be7 6. Bd3 d5 7. Ne5 a6 8. f4 Nbd7 9. O-O h6 10. Bh4 Ne4 11. Bxe7 Qxe7 12. Nxe4 dxe4 13. Bc4 O-O-O 14. Qe2 b5 15. Bb3 Nxe5 16. fxe5 Kb8 17. c4 c6 18. a4 b4 19. c5 a5 20. Rf4 g5 21. Rf6 Ka7 22. Bc4 h5 23. Raf1 Rh7 24. Qc2 Rg7 25. Qxe4 Rd7 26. Qf3 Rh7 27. Bd3 Rg7 28. Qxh5 Ba6 29. Bxa6 Kxa6 30. Qh8 1-0

[Event "Mauricie op"]
[Site "Trois-Rivieres CAN"]
[Date "2026.03.21"]
[Round "2.9"]
[White "Fiset, Anais Chloe"]
[Black "Tremblay, Rejean"]
[Result "1-0"]
[WhiteElo "1905"]
[BlackElo "2131"]
[WhiteFideId "-1"]
[BlackFideId "-1"]
[PlyCount "139"]
[GameId "2292047392159294"]
[EventDate "2026.03.20"]
[EventType "swiss"]
[EventRounds "5"]
[EventCountry "CAN"]

1. c4 g6 2. g3 Bg7 3. Bg2 Nf6 4. Nc3 O-O 5. d4 d6 6. Nf3 Nc6 7. d5 Na5 8. b3 c5 9. Bb2 a6 10. O-O Rb8 11. a4 Bd7 12. Ra3 b6 13. Re1 Qc8 14. e4 Bg4 15. Nb1 Nb7 16. Nbd2 Re8 17. Qa1 Nh5 18. e5 Bh3 19. e6 Bxb2 20. Qxb2 Bxg2 21. exf7+ Kxf7 22. Ng5+ Kg8 23. Kxg2 Qg4 24. Ne6 Rf8 25. f3 Qf5 26. Nxf8 Qxf8 27. Ne4 h6 28. Raa1 Nd8 29. Nf2 Nf7 30. Nd3 Ng5 31. f4 Nh7 32. Re6 N7f6 33. Rae1 Rb7 34. Qe2 Kf7 35. Nf2 Ng7 36. Re3 Nf5 37. Rc3 a5 38. Ne4 Nd4 39. Qd3 Nh5 40. Nd2 Kg7 41. Nf3 Nf5 42. Re6 Nf6 43. Rc1 Kf7 44. Rce1 Rc7 45. h3 Nh5 46. Rxg6 Nfxg3 47. Rg4 Qh8 48. Qc2 Rc8 49. Rxg3 Nxg3 50. Kxg3 Rg8+ 51. Kh2 Qf6 52. Qe4 Ke8 53. Re2 Qg7 54. Kh1 Kd8 55. Qe3 Rf8 56. Ne1 Qf6 57. Nd3 Qh4 58. Rg2 Qf6 59. Kh2 Qc3 60. Re2 Qf6 61. f5 Rg8 62. Nf4 Qh4 63. Ng6 Qh5 64. Qxe7+ Kc8 65. Qe6+ Kb7 66. Qd7+ Ka6 67. Qb5+ Kb7 68. Re7+ Kc8 69. Qd7+ Kb8 70. Qb7# 1-0

[Event "Mauricie op"]
[Site "Trois-Rivieres CAN"]
[Date "2026.03.21"]
[Round "3.1"]
[White "Sai, Krishna GV"]
[Black "Migot, Tangi"]
[Result "1-0"]
[WhiteElo "2519"]
[BlackElo "2368"]
[WhiteFideId "-1"]
[BlackFideId "-1"]
[PlyCount "103"]
[GameId "2292047392159295"]
[EventDate "2026.03.20"]
[EventType "swiss"]
[EventRounds "5"]
[EventCountry "CAN"]

1. e4 e5 2. Nf3 Nc6 3. Bb5 a6 4. Ba4 Nf6 5. O-O Nxe4 6. d4 Be7 7. Re1 b5 8. Rxe4 d5 9. Nxe5 Nxe5 10. Rxe5 bxa4 11. Qe2 Be6 12. f4 Kf8 13. Nc3 Bd6 14. Nxa4 Qf6 15. Nc5 Bxe5 16. fxe5 Qg6 17. a4 h5 18. h4 a5 19. Bg5 Kg8 20. Rf1 Bg4 21. Qf2 Rf8 22. Bd2 Ra8 23. Bc3 Rh6 24. Bd2 Rh8 25. c3 Ra7 26. Bg5 Ra8 27. b4 axb4 28. cxb4 Be6 29. Rc1 Kh7 30. b5 Rhc8 31. Qf3 Kg8 32. Kh2 Ra7 33. Qb3 Qf5 34. Rc3 Qf2 35. Qb4 Bg4 36. Nd3 Qa2 37. Ra3 Qc2 38. Nc5 Rb8 39. Rc3 Qe2 40. Qb3 Be6 41. Rg3 Qf2 42. Nxe6 fxe6 43. Bf6 c6 44. b6 Rf7 45. a5 Qxd4 46. Qf3 Qb4 47. Qxh5 Qxa5 48. Qf3 Rbb7 49. h5 Qd2 50. h6 Qb4 51. hxg7 Qe4 52. Qh5 1-0

[Event "Mauricie op"]
[Site "Trois-Rivieres CAN"]
[Date "2026.03.21"]
[Round "3.10"]
[White "Mok, Yuen Tak"]
[Black "St-Yves, Patrice"]
[Result "1-0"]
[WhiteElo "1987"]
[BlackElo "1611"]
[WhiteFideId "-1"]
[BlackFideId "-1"]
[PlyCount "67"]
[GameId "2292047392159296"]
[EventDate "2026.03.20"]
[EventType "swiss"]
[EventRounds "5"]
[EventCountry "CAN"]

1. Nf3 Nf6 2. c4 c5 3. d4 cxd4 4. Nxd4 a6 5. Nc3 e6 6. g3 Be7 7. Bg2 d6 8. O-O Qc7 9. Qd3 Nbd7 10. b3 Ne5 11. Qd2 O-O 12. Bb2 Rd8 13. Rac1 Qb8 14. h3 Bd7 15. Rfd1 Nc6 16. e3 h6 17. Nce2 e5 18. Nc2 Be6 19. e4 Bf8 20. Ne3 Ne8 21. Kh2 b6 22. Nc3 Kh7 23. Ncd5 Qa7 24. f4 f6 25. Qf2 Rab8 26. Rd2 b5 27. cxb5 Bxd5 28. Nxd5 Qxf2 29. Rxf2 Ne7 30. bxa6 Nxd5 31. exd5 Be7 32. Rfc2 Ra8 33. Bf1 e4 34. b4 1-0

[Event "Mauricie op"]
[Site "Trois-Rivieres CAN"]
[Date "2026.03.21"]
[Round "3.11"]
[White "Qi, Jason"]
[Black "Landry, Sylvain"]
[Result "1-0"]
[WhiteElo "1892"]
[BlackElo "1966"]
[WhiteFideId "-1"]
[BlackFideId "-1"]
[PlyCount "63"]
[GameId "2292047392159297"]
[EventDate "2026.03.20"]
[EventType "swiss"]
[EventRounds "5"]
[EventCountry "CAN"]

1. e4 c5 2. Nf3 d6 3. d4 cxd4 4. Nxd4 Nf6 5. Nc3 a6 6. f3 e5 7. Nb3 Be7 8. Be3 Be6 9. Qd2 h5 10. Be2 Nbd7 11. Nd5 Nxd5 12. exd5 Bf5 13. O-O a5 14. f4 a4 15. fxe5 axb3 16. Rxf5 Rxa2 17. Raf1 Nxe5 18. Bb5+ Kf8 19. Qf2 Bf6 20. Bg5 Ng4 21. Bxf6 gxf6 22. Qd4 Qe7 23. R5f3 Kg7 24. Rxb3 Qe5 25. Qxe5 fxe5 26. Be2 Rb8 27. h3 Nh6 28. Bxh5 b5 29. Rg3+ Kf8 30. Rf6 Ke7 31. Rxh6 Rxb2 32. Rc3 1-0

[Event "Mauricie op"]
[Site "Trois-Rivieres CAN"]
[Date "2026.03.21"]
[Round "3.12"]
[White "Gervais, Guillaume"]
[Black "Di Matteo, Alessio"]
[Result "0-1"]
[WhiteElo "1493"]
[BlackElo "1952"]
[WhiteFideId "-1"]
[BlackFideId "-1"]
[PlyCount "124"]
[GameId "2292047392159298"]
[EventDate "2026.03.20"]
[EventType "swiss"]
[EventRounds "5"]
[EventCountry "CAN"]

1. e4 c5 2. c4 e6 3. Nf3 Nc6 4. d3 d6 5. Be2 Nf6 6. O-O Be7 7. Nc3 O-O 8. h3 a6 9. Be3 Bd7 10. d4 cxd4 11. Nxd4 Nxd4 12. Bxd4 Bc6 13. f3 Qc7 14. Na4 e5 15. Bb6 Qd7 16. b3 Bxa4 17. bxa4 Qc6 18. Qb3 Nd7 19. a5 Bg5 20. Kf2 Nc5 21. Qb4 f5 22. Bxc5 dxc5 23. Qb6 Qxb6 24. axb6 fxe4 25. Kg3 Bf4+ 26. Kf2 e3+ 27. Kg1 Rad8 28. Rad1 Rd2 29. Rxd2 exd2 30. Rd1 Be3+ 31. Kf1 Rd8 32. a4 a5 33. Rb1 Rd6 34. Bd1 Bd4 35. Ke2 Bc3 36. Bc2 Bb4 37. Be4 Rxb6 38. Bd5+ Kf8 39. Kd1 Ke7 40. Rb3 Rg6 41. f4 exf4 42. Bxb7 Re6 43. Kc2 Re1 44. Bf3 Rc1+ 45. Kb2 d1=Q 46. Bxd1 Rxd1 47. Rf3 g5 48. Kb3 Kf6 49. g3 Kf5 50. gxf4 gxf4 51. Rf2 Rd3+ 52. Kc2 Rd2+ 53. Rxd2 Bxd2 54. Kxd2 Ke4 55. Ke2 Kd4 56. Kf3 Kxc4 57. Kxf4 Kd3 58. h4 c4 59. Kf5 c3 60. h5 c2 61. h6 c1=R 62. Kf6 Rg1 0-1

[Event "Mauricie op"]
[Site "Trois-Rivieres CAN"]
[Date "2026.03.21"]
[Round "3.13"]
[White "Pomerantz, Daniel"]
[Black "Savard, Alexandre"]
[Result "1-0"]
[WhiteElo "2046"]
[BlackElo "1792"]
[WhiteFideId "-1"]
[BlackFideId "-1"]
[PlyCount "46"]
[GameId "2292047392159299"]
[EventDate "2026.03.20"]
[EventType "swiss"]
[EventRounds "5"]
[EventCountry "CAN"]

1. e4 c6 2. d4 d5 3. e5 Bf5 4. Nf3 e6 5. Be2 Ne7 6. c3 c5 7. dxc5 Nec6 8. b4 Qc7 9. Nd4 Qxe5 10. Nxf5 Qxf5 11. O-O Be7 12. Be3 O-O 13. Na3 Nd7 14. Nb5 Rfd8 15. Nd4 Qf6 16. f4 Qg6 17. f5 exf5 18. Bh5 Qf6 19. Rxf5 Qh4 20. Bf2 Nxd4 21. Bxf7+ Kf8 22. Bxh4 Nxf5 23. Bxe7+ Nxe7 1-0

[Event "Mauricie op"]
[Site "Trois-Rivieres CAN"]
[Date "2026.03.21"]
[Round "3.14"]
[White "Lamontagne, Damien"]
[Black "Tremblay, Rejean"]
[Result "0-1"]
[WhiteElo "1936"]
[BlackElo "2131"]
[WhiteFideId "-1"]
[BlackFideId "-1"]
[PlyCount "80"]
[GameId "2292047392159300"]
[EventDate "2026.03.20"]
[EventType "swiss"]
[EventRounds "5"]
[EventCountry "CAN"]

1. e4 c5 2. Nf3 d6 3. d4 cxd4 4. Nxd4 Nf6 5. Nc3 a6 6. Be3 e5 7. Nb3 Be7 8. f3 Be6 9. Qd2 Nbd7 10. g4 b5 11. g5 b4 12. Ne2 Nh5 13. O-O-O a5 14. Kb1 Qb8 15. Ng3 Nxg3 16. hxg3 Qb7 17. Bh3 g6 18. Bxe6 fxe6 19. Rh4 O-O 20. Rdh1 Rf7 21. Qe2 Qc6 22. Nd2 Rc8 23. Nf1 Nf8 24. Nh2 Bd8 25. Ng4 Rfc7 26. R4h2 a4 27. Nf6+ Bxf6 28. gxf6 a3 29. b3 Rf7 30. Rd1 Rxf6 31. Rd3 Rf7 32. Bg5 d5 33. exd5 exd5 34. Rh1 Ne6 35. Be3 Rxf3 36. Rh2 e4 37. Rd1 d4 38. Bc1 Rc3 39. Bf4 Nxf4 40. gxf4 d3 0-1

[Event "Mauricie op"]
[Site "Trois-Rivieres CAN"]
[Date "2026.03.21"]
[Round "3.15"]
[White "Zheng-Roy, Ethan"]
[Black "Papineau (Granby), Daniel"]
[Result "0-1"]
[WhiteElo "1258"]
[BlackElo "1966"]
[WhiteFideId "-1"]
[BlackFideId "-1"]
[PlyCount "134"]
[GameId "2292047392159301"]
[EventDate "2026.03.20"]
[EventType "swiss"]
[EventRounds "5"]
[EventCountry "CAN"]

1. e4 e5 2. Nf3 Nc6 3. Bc4 Bc5 4. c3 Nf6 5. d4 exd4 6. cxd4 Bb4+ 7. Nc3 Nxe4 8. O-O Nxc3 9. bxc3 d5 10. Bxd5 Qxd5 11. cxb4 O-O 12. a3 Bg4 13. Be3 Rad8 14. Rc1 Rfe8 15. h3 Bxf3 16. Qxf3 Qxf3 17. gxf3 Re7 18. Rfd1 a6 19. f4 Red7 20. Kg2 Ne7 21. Rc5 g6 22. Rdc1 c6 23. Rd1 Nf5 24. Rc2 Rd5 25. Rc5 R5d6 26. Rc4 f6 27. Kf3 Kf7 28. Ke4 R6d7 29. Rc5 Nd6+ 30. Kf3 Nb5 31. a4 Nxd4+ 32. Bxd4 Rxd4 33. Rb1 R8d5 34. Rxd5 Rxd5 35. Ke4 Ke6 36. f3 Kd6 37. Ke3 Kc7 38. Rg1 Kb6 39. Rb1 a5 40. bxa5+ Ka7 41. Ra1 Rxa5 42. Kd4 b5 43. Rc1 Rxa4+ 44. Ke3 Kb6 45. Rd1 b4 46. Rd4 Kb5 47. Rd1 b3 48. Rb1 Kb4 49. Kd3 c5 50. Rc1 b2 51. Rb1 Kb3 52. f5 Ra1 53. fxg6 hxg6 54. Rxb2+ Kxb2 55. Kc4 Rc1+ 56. Kd5 c4 57. Ke6 Rf1 58. Kxf6 Rxf3+ 59. Kxg6 Rxh3 60. Kf5 c3 61. Kg4 Rd3 62. Kf4 c2 63. Ke4 Rd8 64. Ke3 c1=Q+ 65. Ke2 Qc3 66. Kf2 Rd2+ 67. Ke1 Qc1# 0-1

[Event "Mauricie op"]
[Site "Trois-Rivieres CAN"]
[Date "2026.03.21"]
[Round "3.16"]
[White "Nassif, Aba"]
[Black "Liao, Minyan"]
[Result "1-0"]
[WhiteElo "1961"]
[BlackElo "1764"]
[WhiteFideId "-1"]
[BlackFideId "-1"]
[PlyCount "164"]
[GameId "2292047392159302"]
[EventDate "2026.03.20"]
[EventType "swiss"]
[EventRounds "5"]
[EventCountry "CAN"]

1. e4 c5 2. Nf3 e6 3. d3 Nc6 4. g3 d5 5. e5 Qc7 6. Bf4 Nge7 7. c3 Ng6 8. d4 Nxf4 9. gxf4 cxd4 10. cxd4 Bb4+ 11. Nbd2 Qb6 12. a3 Be7 13. Nb3 a5 14. a4 Bb4+ 15. Ke2 Bd7 16. Ke3 Ne7 17. Bd3 Rc8 18. h4 h5 19. Ne1 Nc6 20. Bb5 Ne7 21. Bd3 Nc6 22. Bc2 Be7 23. Nd3 Qd8 24. Ndc5 b6 25. Nxd7 Kxd7 26. Bd3 Bxh4 27. Bb5 Kc7 28. Rc1 Kb7 29. Bxc6+ Rxc6 30. Rxc6 Kxc6 31. Nxa5+ bxa5 32. Qb3 Qb8 33. Qc3+ Kd7 34. Rxh4 Rc8 35. Qa3 Rc2 36. Kf3 Rxb2 37. Qc5 Qc7 38. Qxc7+ Kxc7 39. Rxh5 Rb4 40. Ke3 Kd7 41. Rh7 Ke7 42. Rxg7 Rxa4 43. Rg8 Ra1 44. Ra8 a4 45. Ra5 a3 46. f5 exf5 47. Kf4 Rd1 48. Kxf5 Rxd4 49. Rxa3 Rd2 50. f4 Rb2 51. Ra7+ Ke8 52. Ra6 Rb4 53. Rd6 Rd4 54. Kg5 Rd1 55. Kf6 d4 56. f5 d3 57. Rd5 Rd2 58. Ra5 Rf2 59. Rd5 Rd2 60. Kg5 Rd1 61. Kf4 Rf1+ 62. Ke4 Ra1 63. Rxd3 Ra6 64. f6 Rb6 65. Rh3 Rb7 66. Kd5 Rb1 67. Rh8+ Kd7 68. Rf8 Rd1+ 69. Ke4 Re1+ 70. Kf4 Rf1+ 71. Kg5 Rg1+ 72. Kh6 Ke6 73. Re8+ Kf5 74. Re7 Rg2 75. Kh7 Rg1 76. Rxf7 Kxe5 77. Rg7 Rh1+ 78. Kg6 Ra1 79. f7 Rg1+ 80. Kh7 Rf1 81. Kg8 Ke6 82. f8=Q Rf7 1-0

[Event "Mauricie op"]
[Site "Trois-Rivieres CAN"]
[Date "2026.03.21"]
[Round "3.17"]
[White "Wilkin, Alain"]
[Black "Potvin, Alain-Nicolas"]
[Result "1/2-1/2"]
[WhiteElo "1873"]
[BlackElo "1731"]
[WhiteFideId "-1"]
[BlackFideId "-1"]
[PlyCount "29"]
[GameId "2292047392159303"]
[EventDate "2026.03.20"]
[EventType "swiss"]
[EventRounds "5"]
[EventCountry "CAN"]

1. d4 g6 2. Nf3 Nf6 3. c4 Bg7 4. g3 O-O 5. Bg2 d6 6. O-O c6 7. Nbd2 Qa5 8. Re1 e5 9. Nb3 Qc7 10. e4 Nbd7 11. Qc2 Re8 12. Bd2 Nf8 13. c5 dxc5 14. dxc5 Be6 15. Ng5 1/2-1/2

[Event "Mauricie op"]
[Site "Trois-Rivieres CAN"]
[Date "2026.03.21"]
[Round "3.2"]
[White "Duong, Thanh Nha"]
[Black "Chiku-Ratte, Olivier-Kenta"]
[Result "1-0"]
[WhiteElo "2274"]
[BlackElo "2427"]
[WhiteFideId "-1"]
[BlackFideId "-1"]
[PlyCount "129"]
[GameId "2292047392159304"]
[EventDate "2026.03.20"]
[EventType "swiss"]
[EventRounds "5"]
[EventCountry "CAN"]

1. c4 Nf6 2. Nf3 e6 3. g3 d5 4. Bg2 d4 5. O-O c5 6. d3 h6 7. e3 Nc6 8. exd4 cxd4 9. Re1 Nd7 10. Na3 Bb4 11. Bd2 Be7 12. Nc2 Nc5 13. Bf4 a5 14. Ne5 Nxe5 15. Bxe5 Bf6 16. f4 O-O 17. Qe2 Bxe5 18. fxe5 Rb8 19. Na3 Bd7 20. Rac1 Bc6 21. Rf1 Qg5 22. Rce1 Qg6 23. Rd1 Rbd8 24. Rf4 f6 25. Rg4 Qh7 26. Bxc6 bxc6 27. Nc2 fxe5 28. Qxe5 Rf5 29. Qc7 Rdf8 30. Nxd4 R5f7 31. Qd6 h5 32. Rg5 Nxd3 33. Nxe6 Qe4 34. Rxg7+ Kh8 35. Rh7+ Qxh7 36. Nxf8 Qf5 37. Ng6+ Kg7 38. Qxd3 Qxd3 39. Rxd3 Kxg6 40. Rd6+ Kg7 41. Rxc6 Rb7 42. b3 a4 43. bxa4 Rb4 44. Kg2 Rb2+ 45. Kh3 Rxa2 46. Rc5 Rxa4 47. Kh4 Ra2 48. h3 Ra3 49. Rxh5 Rc3 50. Rc5 Kf6 51. Kg4 Ke6 52. h4 Kd6 53. Rd5+ Ke6 54. Rd4 Ke5 55. Rf4 Rc1 56. h5 Rh1 57. Kg5 Rh3 58. g4 Rh2 59. Rf5+ Ke6 60. c5 Rh3 61. h6 Rh2 62. Rf6+ Ke7 63. c6 Rh3 64. Kg6 Rh4 65. g5 1-0

[Event "Mauricie op"]
[Site "Trois-Rivieres CAN"]
[Date "2026.03.21"]
[Round "3.3"]
[White "Latorre, Vincent"]
[Black "Berube, Antoine"]
[Result "1-0"]
[WhiteElo "2395"]
[BlackElo "2266"]
[WhiteFideId "-1"]
[BlackFideId "-1"]
[PlyCount "99"]
[GameId "2292047392159305"]
[EventDate "2026.03.20"]
[EventType "swiss"]
[EventRounds "5"]
[EventCountry "CAN"]

1. e4 c5 2. Ne2 Nc6 3. Nbc3 Nd4 4. Nxd4 cxd4 5. Nb5 e5 6. Qh5 d6 7. Bc4 g6 8. Qf3 Be6 9. Bxe6 fxe6 10. Qb3 Qd7 11. d3 a6 12. Na3 b5 13. c4 dxc3 14. bxc3 Ne7 15. O-O Bg7 16. Be3 O-O 17. c4 Rfb8 18. cxb5 axb5 19. Rfb1 b4 20. Nc4 Ra6 21. a3 d5 22. Nd2 Nc6 23. axb4 Rxa1 24. Rxa1 Rxb4 25. Ra8+ Kf7 26. Qd1 Rb8 27. Ra1 Kg8 28. Qg4 d4 29. Bg5 h6 30. Bh4 Kh7 31. Bg3 Rb2 32. Qd1 Qb7 33. h4 h5 34. Nc4 Rb3 35. Kh2 Rc3 36. Rb1 Qe7 37. Qa4 Nd8 38. Qd1 Nc6 39. Qa4 Nd8 40. Nxe5 Bxe5 41. Bxe5 Rxd3 42. g3 Nf7 43. Bxd4 g5 44. Qc4 Rd2 45. Qc3 Ra2 46. Qf3 gxh4 47. Qxh5+ Nh6 48. Be3 hxg3+ 49. Kh3 Qg7 50. Bxh6 1-0

[Event "Mauricie op"]
[Site "Trois-Rivieres CAN"]
[Date "2026.03.21"]
[Round "3.4"]
[White "Gutierrez, Renzo"]
[Black "Kraiouchkine, Nikita"]
[Result "1-0"]
[WhiteElo "2192"]
[BlackElo "2242"]
[WhiteFideId "-1"]
[BlackFideId "-1"]
[PlyCount "107"]
[GameId "2292047392224842"]
[EventDate "2026.03.20"]
[EventType "swiss"]
[EventRounds "5"]
[EventCountry "CAN"]

1. d4 d5 2. c4 c6 3. Nf3 Nf6 4. e3 Bf5 5. Nc3 a6 6. a4 e6 7. Qb3 b6 8. Nh4 Be4 9. f3 dxc4 10. Bxc4 Bd5 11. g3 g5 12. Ng2 Bxf3 13. O-O Bd5 14. e4 Bxc4 15. Qxc4 h6 16. e5 Nd5 17. Ne4 Be7 18. Bd2 b5 19. Qd3 Nd7 20. Qf3 Rh7 21. Qd3 Rg7 22. Rac1 Rc8 23. Ne3 Nxe3 24. Qxe3 Nb6 25. Ba5 bxa4 26. Qf2 Rh7 27. Nd6+ Bxd6 28. exd6 f5 29. d5 Qxd6 30. Bxb6 Qxd5 31. Rcd1 Qb3 32. Bc5 Rb7 33. Rfe1 Kf7 34. Qe2 Rcc7 35. Qh5+ Kg7 36. Qe8 Rf7 37. Qxe6 Qxe6 38. Rxe6 Rfd7 39. Rxd7+ Rxd7 40. Rd6 Rxd6 41. Bxd6 Kf6 42. Kf2 Ke6 43. Bf8 h5 44. Ke3 Kd5 45. Be7 Kc4 46. Bxg5 Kb3 47. Bf6 c5 48. Kd2 a5 49. Kd3 c4+ 50. Kd2 a3 51. bxa3 Kxa3 52. Kc3 Ka2 53. Kxc4 Kb1 54. Kd5 1-0